00651pam a2200193 a 4500020001300000040002500013041001300038082001500051100002400066245007900090250001400169260002600183300001300209365001300222653003400235930000900269999001500278952016400293 c10325.00 aMedical College Libr aENGhENG a616.2bPEA aPeacock, Andrew J.. aPulmonary Circulation Diseases and Their Treatment / chTextual Documents a2nd / b. a : bArnold , c2004. a242 ; c a10325.00 aTB And ChestaMedical Science a7893 c7892d7892 00104070aMCPbMCPd2008-03-29eBharati Madhyavarti Sahakari Grahak Bhandar Ltd. g10325.00l0o616.2 PEApMCP-11989r2023-02-06 00:00:00t1w2023-02-06yBK